Emergency care in the optometric setting
This concise, easy-to-use book addresses ocular and medical emergencies most often seen and managed by optometrists. Each emergency includes a brief overview of the condition, recommended evaluation, potential complications, and appropriate management. The text is supplemented by helpful flow charts...
保存先:
| 第一著者: | |
|---|---|
| フォーマット: | 図書 |
| 言語: | Undetermined |
| 出版事項: |
New York, NY.
McGraw-Hill
2004
|
| 主題: | |
| タグ: |
タグ追加
タグなし, このレコードへの初めてのタグを付けませんか!
|
| Thư viện lưu trữ: | Trung tâm Học liệu Trường Đại học Cần Thơ |
|---|
| LEADER | 01116nam a2200217Ia 4500 | ||
|---|---|---|---|
| 001 | CTU_125217 | ||
| 008 | 210402s9999 xx 000 0 und d | ||
| 020 | |c 1110095 | ||
| 082 | |a 616.025 | ||
| 082 | |b H465 | ||
| 100 | |a Heiberger, Michael H. | ||
| 245 | 0 | |a Emergency care in the optometric setting | |
| 245 | 0 | |c Michael H. Heiberger, Richard J. Madonna, Leon Nehmad | |
| 260 | |a New York, NY. | ||
| 260 | |b McGraw-Hill | ||
| 260 | |c 2004 | ||
| 520 | |a This concise, easy-to-use book addresses ocular and medical emergencies most often seen and managed by optometrists. Each emergency includes a brief overview of the condition, recommended evaluation, potential complications, and appropriate management. The text is supplemented by helpful flow charts detailing step-by-step patient care and sample examination forms to help clinicians avoid errors of omission | ||
| 650 | |a Eye,Ophthalmologic emergencies,Optometry,Eye Injuries,Eye Diseases,Emergency Treatment | ||
| 650 | |x Wounds and injuries,Methods,Therapy,Therapy,Methods | ||
| 904 | |i Minh | ||
| 980 | |a Trung tâm Học liệu Trường Đại học Cần Thơ | ||